| 000 | 00479nam a2200181 i 4500 | ||
|---|---|---|---|
| 001 | bg | ||
| 245 | 0 |
_aFiziceskaja elektronika / _c[Red. Angievskij A. N.]. |
|
| 250 | _aVyp. 7. | ||
| 260 |
_aL'vov : _bIzdat. "Visca Skola", _c1974. |
||
| 300 |
_as. 91, nlb., 1 : _btab., rys., ilustr. |
||
| 504 | _a[Zawiera bibliogr.]. | ||
| 700 | 1 |
_aANGIEVSKIJ, A. N. _eRed. |
|
| 040 | _cBPK | ||
| 041 | _apol | ||
| 080 | _a537 | ||
| 942 | _cKS | ||
| 008 | s pl f |000 0 pol | ||
| 999 |
_c27150 _d27150 |
||